[Event "Elit(Orgryte-Vasteras)"]
[Site "?"]
[Date "2012.12.01"]
[Round "4"]
[White "Fransson, Percy"]
[Black "Brustkern, Jurgen"]
[Result "0-1"]
[WhiteElo "2218"]
[BlackElo "2291"]
[PlyCount "96"]

1. e4 d5 2. exd5 Qxd5 3. Nc3 Qd6 4. d4 Nf6 5. Be3 a6 6. Qd2 b5 7. Be2 Bb7 8.
Bf3 Bxf3 9. Nxf3 e6 10. O-O Be7 11. Bf4 Qd8 12. Qe2 O-O 13. Rfe1 c6 14. Rad1
Nd5 15. Bd2 Nxc3 16. Bxc3 Qd5 17. b3 Nd7 18. Ne5 Nf6 19. Bb2 b4 20. c4 bxc3 21.
Bxc3 a5 22. Qc4 Rfc8 23. a4 Ne4 24. Bb2 Rab8 25. Qa6 Bb4 26. Re3 f6 27. Qe2 Nd6
28. Nd7 Nf5 29. Nxb8 Nxe3 30. Qxe3 Rxb8 31. Rc1 Bd6 32. Rc3 c5 33. Rd3 c4 34.
Rc3 Rxb3 35. Rxb3 cxb3 36. Qc3 h6 37. g3 Bb4 38. Qc1 Qe4 39. Qc4 Qb1+ 40. Kg2
Qe4+ 41. Kg1 Qb1+ 42. Kg2 Qxb2 43. Qxe6+ Kf8 44. Qc8+ Kf7 45. Qd7+ Be7 46. Qd5+
Kg6 47. Qe4+ f5 48. Qxe7 Qc2 0-1

[Event "Elit(Orgryte-Vasteras)"]
[Site "?"]
[Date "2012.12.01"]
[Round "4"]
[White "Kimari, Patrick"]
[Black "Svedberg, Hans"]
[Result "1-0"]
[WhiteElo "2137"]
[BlackElo "2010"]
[PlyCount "61"]

1. e4 d6 2. d4 Nf6 3. Bd3 e5 4. Ne2 Be7 5. O-O O-O 6. b3 exd4 7. Nxd4 Nc6 8.
Nxc6 bxc6 9. Bb2 Nd7 10. f4 Bf6 11. Nc3 Bd4+ 12. Kh1 Nf6 13. Na4 Bxb2 14. Nxb2
Re8 15. Qf3 Bb7 16. Rae1 c5 17. Nd1 Qd7 18. Nc3 a6 19. h3 Re7 20. Re2 h5 21.
Rfe1 Rae8 22. Kh2 Qd8 23. Qf2 Nd7 24. Qh4 g6 25. Qg3 Qa8 26. Bc4 Kg7 27. e5 Nf8
28. f5 Rxe5 29. Rxe5 Rxe5 30. Rxe5 dxe5 31. Qxe5+ 1-0

[Event "Elit(Orgryte-Vasteras)"]
[Site "?"]
[Date "2012.12.01"]
[Round "4"]
[White "Eksmyr, Johan"]
[Black "Norberg, Erik"]
[Result "1-0"]
[WhiteElo "2204"]
[BlackElo "2239"]
[PlyCount "53"]

1. d4 g6 2. c4 Bg7 3. g3 c5 4. d5 d6 5. Bg2 e5 6. dxe6 fxe6 7. Nh3 Nc6 8. Nc3
Nge7 9. O-O d5 10. Nf4 d4 11. Ne4 b6 12. Qa4 Bd7 13. Nd6+ Kf8 14. Bxc6 Nxc6 15.
Nxe6+ Bxe6 16. Qxc6 Rb8 17. Bf4 g5 18. Ne4 gxf4 19. Qxe6 Rb7 20. Rad1 Re7 21.
Qf5+ Rf7 22. Qh5 Qe7 23. Ng5 Rf6 24. Nxh7+ Kg8 25. Nxf6+ Qxf6 26. Qe8+ Bf8 27.
Qe4 1-0

[Event "Elit(LASK-Limhamn)"]
[Site "?"]
[Date "2012.12.01"]
[Round "4"]
[White "Brynell, Stellan"]
[Black "Kulaots, Kaido"]
[Result "1/2-1/2"]
[WhiteElo "2572"]
[BlackElo "2648"]
[PlyCount "58"]

1. d4 Nf6 2. c4 g6 3. Nc3 d5 4. e3 Bg7 5. cxd5 Nxd5 6. Nxd5 Qxd5 7. Ne2 O-O 8.
Nc3 Qd6 9. Be2 c6 10. O-O Nd7 11. b3 e5 12. dxe5 Qxd1 13. Rxd1 Bxe5 14. Bb2 Re8
15. Na4 Bxb2 16. Nxb2 Nb6 17. Nc4 Nxc4 18. Bxc4 a5 19. Rd4 b5 20. Be2 Be6 21.
Rc1 Red8 22. Rxc6 Rxd4 23. exd4 a4 24. f3 axb3 25. axb3 Ra1+ 26. Kf2 Ra2 27.
Kf1 Ra1+ 28. Kf2 Ra2 29. Kf1 Ra1+ 1/2-1/2

[Event "Elit(LASK-Limhamn)"]
[Site "?"]
[Date "2012.12.01"]
[Round "4"]
[White "Grandelius, Nils"]
[Black "Hector, Jonny"]
[Result "1-0"]
[WhiteElo "2662"]
[BlackElo "2608"]
[PlyCount "103"]

1. e4 e5 2. Nf3 Nc6 3. Bb5 Nd4 4. Nxd4 exd4 5. O-O Bc5 6. Bc4 d6 7. d3 c6 8.
Qh5 g6 9. Qf3 Be6 10. Nd2 d5 11. exd5 cxd5 12. Bb3 Ne7 13. Ba4+ Nc6 14. Nb3 Bb6
15. Qf4 O-O 16. Bxc6 bxc6 17. Nxd4 Bd7 18. Nf3 Bc7 19. Qd4 Bb6 20. Qf4 Bc7 21.
Qd4 Bb6 22. Qc3 f6 23. Be3 Bc7 24. Nd4 Be5 25. f4 Bd6 26. Nb3 Qc7 27. g3 a5 28.
Bc5 a4 29. Bxd6 Qxd6 30. Nc5 Bh3 31. Rfe1 g5 32. Qd4 gxf4 33. gxf4 Ra7 34. Kf2
Rg7 35. Rg1 Re8 36. Rae1 Rxe1 37. Rxg7+ Kxg7 38. Kxe1 a3 39. bxa3 Qd8 40. Kd2
Bf5 41. a4 h5 42. Nb3 Qc7 43. Kc3 h4 44. a5 Bc8 45. Qb6 Qxf4 46. Qxc6 Qe5+ 47.
d4 Qxh2 48. Qxc8 Qg3+ 49. Kb2 h3 50. a6 h2 51. a7 h1=Q 52. a8=Q 1-0

[Event "Elit(LASK-Limhamn)"]
[Site "?"]
[Date "2012.12.01"]
[Round "4"]
[White "Schneider, Stefan"]
[Black "Tikkanen, Hans"]
[Result "1/2-1/2"]
[WhiteElo "2409"]
[BlackElo "2638"]
[PlyCount "20"]

1. d4 d5 2. Nf3 Nf6 3. c4 c6 4. e3 Bf5 5. Nc3 e6 6. Nh4 Bg6 7. Qb3 Qc7 8. Bd2
Be7 9. Nxg6 hxg6 10. Rc1 dxc4 1/2-1/2

[Event "Elit(LASK-Limhamn)"]
[Site "?"]
[Date "2012.12.01"]
[Round "4"]
[White "Berg Hansen, Sune"]
[Black "Jepson, Christian"]
[Result "0-1"]
[WhiteElo "2655"]
[BlackElo "2453"]
[PlyCount "96"]

1. e4 e5 2. Nf3 Nc6 3. Bb5 Bc5 4. O-O Nd4 5. Nxd4 Bxd4 6. c3 Bb6 7. d4 c6 8.
Ba4 d6 9. dxe5 dxe5 10. Qh5 Qe7 11. Na3 Nf6 12. Qh4 Be6 13. Bb3 O-O-O 14. Nc4
Bc7 15. Be3 h6 16. f3 Rd3 17. Bxa7 b5 18. Na3 Rd2 19. Bxe6+ fxe6 20. Nb1 Rxb2
21. a4 Kb7 22. Be3 Ra8 23. Nd2 Qd8 24. Rfd1 Bb6 25. Nf1 Bxe3+ 26. Nxe3 Qb6 27.
Qe1 Rxa4 28. Kh1 Rxa1 29. Rxa1 Qc5 30. Nd1 Rc2 31. h3 g5 32. Kh2 Nh5 33. Ne3
Rxc3 34. Qd2 Qd4 35. Qa2 Qxe3 36. Qa8+ Kc7 37. Ra7+ Kb6 38. Ra6+ Kc7 39. Ra7+
Kb6 40. Ra6+ Kc5 41. Qxc6+ Kb4 42. Qd6+ Qc5 43. Qd2 Nf4 44. Qb2+ Kc4 45. Qa2+
Kd3 46. Qb1+ Kd2 47. Ra1 Rc2 48. Qe1+ Kd3 0-1

[Event "Elit(LASK-Limhamn)"]
[Site "?"]
[Date "2012.12.01"]
[Round "4"]
[White "Hall, Jesper"]
[Black "Lindgren, Philip"]
[Result "1/2-1/2"]
[WhiteElo "2545"]
[BlackElo "2344"]
[PlyCount "115"]

1. e4 c6 2. d3 d5 3. Nd2 e5 4. Ngf3 Bd6 5. d4 exd4 6. exd5 cxd5 7. Nb3 Nc6 8.
Be2 Nge7 9. Nbxd4 Bg4 10. O-O O-O 11. Be3 Rc8 12. c3 Bb8 13. Re1 Qd6 14. g3 Ng6
15. Nxc6 bxc6 16. b4 Rfe8 17. Bc5 Qd7 18. Nd4 Bxe2 19. Rxe2 Be5 20. Qf1 Bxd4
21. Bxd4 Rxe2 22. Qxe2 Re8 23. Qh5 Re4 24. a4 h6 25. Rd1 a6 26. Qf3 Qe6 27. Qd3
h5 28. Qxa6 Nf4 29. Qf1 h4 30. a5 hxg3 31. hxg3 Qg4 32. Rd2 Nh3+ 33. Kg2 Ng5
34. f4 Ne6 35. Rf2 Nxd4 36. cxd4 Rxd4 37. Qb1 Rd1 38. Qc2 Qh5 39. Rf1 Rxf1 40.
Kxf1 Qf3+ 41. Qf2 Qh1+ 42. Ke2 Qe4+ 43. Qe3 Qxb4 44. Qe8+ Kh7 45. Qxf7 Qxa5 46.
Qh5+ Kg8 47. Qe8+ Kh7 48. Qxc6 Qa2+ 49. Kf3 Qb1 50. Qe6 Qd1+ 51. Kg2 d4 52.
Qe4+ Kg8 53. Qe8+ Kh7 54. Qe4+ Kg8 55. Kf2 Qd2+ 56. Qe2 Qc3 57. Qe8+ Kh7 58.
Qh5+ 1/2-1/2

[Event "Elit(LASK-Limhamn)"]
[Site "?"]
[Date "2012.12.01"]
[Round "4"]
[White "Johansson, Linus"]
[Black "Semcesen, Daniel"]
[Result "1-0"]
[WhiteElo "2357"]
[BlackElo "2520"]
[PlyCount "59"]

1. d4 f5 2. Nf3 Nf6 3. g3 g6 4. Bg2 Bg7 5. O-O O-O 6. b3 Ne4 7. Bb2 d5 8. Nbd2
Be6 9. Ne5 Nd7 10. Nxe4 fxe4 11. Nxd7 Qxd7 12. f3 exf3 13. exf3 c5 14. Re1 Rac8
15. Qe2 Rc6 16. Rad1 Qc8 17. c4 Rd6 18. Ba3 dxc4 19. Bxc5 Ra6 20. bxc4 Re8 21.
Bf1 Bf7 22. Qf2 b5 23. cxb5 Rxa2 24. Re2 Ra4 25. d5 Qd7 26. Re4 Ra5 27. Qe1 Qc7
28. Bxe7 Ra2 29. d6 Qc2 30. Re2 1-0

[Event "Elit(LASK-Limhamn)"]
[Site "?"]
[Date "2012.12.01"]
[Round "4"]
[White "Skytte Hagen, Andreas"]
[Black "Penalver, Osmani"]
[Result "0-1"]
[WhiteElo "2471"]
[BlackElo "2326"]
[PlyCount "72"]

1. c4 e5 2. g3 Nf6 3. Bg2 d5 4. cxd5 Nxd5 5. Nc3 Nb6 6. Nf3 Nc6 7. O-O Be7 8.
a3 O-O 9. b4 Be6 10. Rb1 f6 11. d3 Nd4 12. Nd2 Nd5 13. Bb2 Nxc3 14. Bxc3 Bd5
15. Bxd4 Bxg2 16. Kxg2 Qxd4 17. Qb3+ Kh8 18. Rfc1 Rac8 19. Rc2 Qd7 20. Ne4 b6
21. Qc4 f5 22. Nc3 c5 23. b5 Rcd8 24. Rd1 Rf6 25. f3 Rh6 26. e4 Qe8 27. Rf2 Qh5
28. Kh1 Rd4 29. Qa2 c4 30. Qe2 Bc5 31. dxc4 Rxd1+ 32. Qxd1 Rd6 33. Qe2 Bxf2 34.
Qxf2 Rd3 35. g4 Qh3 36. Kg1 Rxf3 0-1

[Event "Elit(Rockaden,Sthlm-Team Viking)"]
[Site "?"]
[Date "2013.02.01"]
[Round "1"]
[White "Agrest, Evgenij"]
[Black "Barkhagen, Jonas"]
[Result "1/2-1/2"]
[WhiteElo "2690"]
[BlackElo "2501"]
[PlyCount "135"]
[SourceDate "2013.02.08"]

1. c4 e5 2. Nc3 Nf6 3. Nf3 Nc6 4. g3 Bb4 5. Nd5 Bc5 6. Bg2 d6 7. d3 h6 8. Nd2
Nxd5 9. cxd5 Ne7 10. b4 Bd4 11. Rb1 a6 12. O-O c6 13. dxc6 Nxc6 14. a4 O-O 15.
e3 Bb6 16. Nc4 Bc7 17. b5 axb5 18. axb5 Ne7 19. d4 exd4 20. Qxd4 Be6 21. Bb2
Nf5 22. Qd3 d5 23. Nd2 Nd6 24. Nf3 Bf5 25. Qd4 Ne8 26. Ra1 Rxa1 27. Rxa1 Be4
28. Nd2 Bb6 29. Qb4 Bxg2 30. Ba3 Nc7 31. Qxf8+ Qxf8 32. Bxf8 Bh3 33. Bb4 Bd7
34. Nb3 Nxb5 35. Bc5 Bc7 36. h4 h5 37. Nd2 f6 38. Ra8+ Kh7 39. Nf3 Bg4 40. Nd4
Nxd4 41. Bxd4 Bd7 42. Rf8 Kg6 43. Rh8 Bh3 44. Kh2 Be6 45. Bc5 Bg4 46. Re8 b5
47. Re7 Be5 48. Rb7 Be2 49. Kg2 Bc4 50. f3 Bc3 51. Kf2 Kh6 52. Kg2 g5 53. hxg5+
fxg5 54. Rb6+ Kh7 55. Be7 g4 56. f4 d4 57. exd4 Bxd4 58. Rb8 Kg6 59. Rf8 Be6
60. Kh2 Bc3 61. Rb8 Bc4 62. Rb6+ Kf5 63. Rh6 Bf7 64. Rc6 b4 65. Bd6 Bd5 66. Rc5
Ke4 67. Rb5 Bc4 68. Rxb4 1/2-1/2

[Event "Elit(Rockaden,Sthlm-Team Viking)"]
[Site "?"]
[Date "2013.02.01"]
[Round "1"]
[White "Berczes, David"]
[Black "Bator, Robert"]
[Result "1/2-1/2"]
[WhiteElo "2592"]
[BlackElo "2468"]
[PlyCount "104"]

1. d4 d5 2. c4 c6 3. Nc3 Nf6 4. e3 a6 5. Nf3 Bf5 6. Qb3 Ra7 7. Bd2 e6 8. Nh4
Be4 9. Nf3 Bxf3 10. gxf3 b5 11. c5 Be7 12. a4 Rb7 13. axb5 axb5 14. Qa2 O-O 15.
Qa5 Qc8 16. f4 Ne8 17. Na2 Bh4 18. Bg2 f6 19. O-O Kh8 20. Nb4 f5 21. Qa8 Nc7
22. Qa3 g5 23. fxg5 Bxg5 24. Kh1 Rg8 25. Qb3 Ne8 26. Ra8 Rbg7 27. Nxc6 Qxc6 28.
Rxb8 Bh4 29. Bf3 Bxf2 30. Qd1 Bg3 31. Rb6 Qd7 32. Qe2 Bc7 33. Rb7 Qd8 34. Qf2
Qc8 35. Rxb5 Rg6 36. Ba5 Bb8 37. c6 Rh6 38. c7 Bxc7 39. Bxc7 Qxc7 40. Rc5 Qb8
41. Rg1 Rxg1+ 42. Kxg1 Nd6 43. Rc6 Rg6+ 44. Kh1 Nc4 45. Bh5 Rg5 46. Be2 Qxb2
47. Rxe6 Nd2 48. Re8+ Kg7 49. h4 Rg6 50. Re7+ Kh8 51. Re8+ Kg7 52. Re7+ Kh8
1/2-1/2

[Event "Elit(Rockaden,Sthlm-Team Viking)"]
[Site "?"]
[Date "2013.02.01"]
[Round "1"]
[White "Blomqvist, Erik"]
[Black "Carlsson, Pontus"]
[Result "1-0"]
[WhiteElo "2564"]
[BlackElo "2634"]
[PlyCount "79"]

1. Nf3 d5 2. d4 Nf6 3. c4 c6 4. Nc3 dxc4 5. a4 Bf5 6. e3 e6 7. Bxc4 Bb4 8. O-O
O-O 9. Qe2 Bg6 10. Ne5 Nbd7 11. Nxg6 hxg6 12. Rd1 Qa5 13. Na2 Be7 14. Qc2 Nb6
15. Bd2 Qh5 16. Bf1 Rac8 17. Be1 Bd6 18. g3 c5 19. dxc5 Bxc5 20. Qb3 Ng4 21. h3
Ne5 22. Nc1 Nf3+ 23. Kg2 Nd5 24. Be2 Nxe1+ 25. Rxe1 Qf5 26. Nd3 Bxe3 27. Bg4
Qg5 28. Qxb7 Rc2 29. Re2 Rfc8 30. a5 Bd4 31. Ra4 Ne3+ 32. fxe3 Qxe3 33. Qxc8+
Kh7 34. Qxc2 Qg1+ 35. Kf3 Qh1+ 36. Rg2 Qf1+ 37. Rf2 Qh1+ 38. Ke2 Qe4+ 39. Kd1
Qh1+ 40. Kd2 1-0

[Event "Elit(Rockaden,Sthlm-Team Viking)"]
[Site "?"]
[Date "2013.02.01"]
[Round "1"]
[White "Berg, Emanuel"]
[Black "Engqvist, Thomas"]
[Result "0-1"]
[WhiteElo "2611"]
[BlackElo "2433"]
[PlyCount "120"]

1. e4 c6 2. d4 d5 3. e5 Bf5 4. Nf3 e6 5. Be2 c5 6. O-O Nc6 7. Be3 Bg4 8. c3
Nge7 9. Nbd2 Nf5 10. Nb3 c4 11. Nbd2 Be7 12. h3 Nxe3 13. fxe3 Bf5 14. Qe1 O-O
15. g4 Bg6 16. h4 h6 17. Qg3 f6 18. exf6 gxf6 19. h5 Bh7 20. Nh4 Bd6 21. Qg2
Ne7 22. e4 Bc7 23. Rf2 Qd6 24. exd5 exd5 25. Raf1 Rad8 26. Kh1 Kh8 27. Rf3 Rf7
28. Qf2 Rdf8 29. Rh3 f5 30. Ng6+ Nxg6 31. hxg6 Qxg6 32. gxf5 Rxf5 33. Nf3 Rh5
34. Rxh5 Qxh5+ 35. Qh4 Qxh4+ 36. Nxh4 Rxf1+ 37. Bxf1 Bg3 38. Nf3 Bb1 39. Bh3
Bf4 40. Be6 Be4 41. Kg2 Kg7 42. Kf2 Kf6 43. Bc8 b6 44. Ba6 Bb1 45. Bb7 Ke6 46.
Bc8+ Kd6 47. b4 Bxa2 48. b5 Bb1 49. Nh4 Bd2 50. Nf5+ Kc7 51. Ne7 Kd8 52. Bf5
Bxf5 53. Nxf5 Kd7 54. Ng3 Bxc3 55. Ke3 Bb2 56. Nh5 Bc1+ 57. Ke2 Bg5 58. Ng3 Ke6
59. Nh5 Kf7 60. Ng3 Kg6 0-1

[Event "Elit(Rockaden,Sthlm-Team Viking)"]
[Site "?"]
[Date "2013.02.01"]
[Round "1"]
[White "Karlsson, Lars"]
[Black "Degerman, Lars"]
[Result "1-0"]
[WhiteElo "2459"]
[BlackElo "2448"]
[PlyCount "111"]

1. g3 Nf6 2. Bg2 d5 3. Nf3 c6 4. b3 Bg4 5. Bb2 Nbd7 6. O-O e6 7. c4 Bd6 8. d4
Qb8 9. Na3 O-O 10. Nc2 Re8 11. Rc1 Bh5 12. Nce1 e5 13. c5 Bc7 14. dxe5 Nxe5 15.
Nd4 a5 16. a4 Qd8 17. Bh3 Bg4 18. Bxg4 Nfxg4 19. Qd2 Qf6 20. Ng2 Qg6 21. Nh4
Qh5 22. Kg2 Ng6 23. Nhf3 h6 24. Qd1 Re4 25. h3 Nf6 26. e3 Rae8 27. Nd2 Qxd1 28.
Rfxd1 R4e7 29. Nf5 Re6 30. Nf3 Ne7 31. N5d4 Re4 32. Nd2 Re5 33. Ne2 Re6 34. Nd4
Re5 35. N2f3 Re4 36. Rc2 Rd8 37. Nd2 Re5 38. N2f3 Re4 39. Rb1 Ng6 40. Ba1 Nd7
41. Nf5 f6 42. N3d4 Ra8 43. g4 Ngf8 44. Rd1 Kf7 45. f3 Ree8 46. f4 Ne6 47. Nxe6
Rxe6 48. Kf3 Rh8 49. Bd4 g6 50. Ng3 Re7 51. h4 h5 52. gxh5 gxh5 53. Nf5 Ree8
54. Rg2 Rd8 55. Rg7+ Kf8 56. Rdg1 1-0

[Event "Elit(Rockaden,Umea-Burgsvik)"]
[Site "?"]
[Date "2013.02.01"]
[Round "6"]
[White "Fries Nielsen, Niels J"]
[Black "Forsberg, Viktor"]
[Result "1/2-1/2"]
[WhiteElo "2398"]
[BlackElo "2320"]
[PlyCount "144"]

1. Nf3 Nf6 2. d3 g6 3. e4 d6 4. c3 Bg7 5. Be2 O-O 6. O-O c5 7. Nbd2 Nc6 8. a3
e5 9. b4 Qc7 10. Rb1 Rd8 11. Qc2 Nh5 12. Re1 Nf4 13. Bf1 Ne6 14. Nc4 Ne7 15.
Qb3 h6 16. a4 b6 17. a5 b5 18. Ne3 cxb4 19. Qxb4 a6 20. c4 Nc6 21. Nd5 Nxb4 22.
Nxc7 Nxc7 23. Rxb4 Bg4 24. Be3 Rdc8 25. Nd2 Bd7 26. g3 h5 27. h4 Bf6 28. Ra1
Rab8 29. Ba7 Ra8 30. Bb6 Bd8 31. d4 Ne6 32. dxe5 dxe5 33. cxb5 axb5 34. Bxd8
Rxd8 35. Nf3 f6 36. Bxb5 Bxb5 37. Rxb5 Nd4 38. Nxd4 Rxd4 39. Rb6 Kg7 40. Rc1
Ra7 41. Rcc6 Rf7 42. f3 Ra4 43. a6 Ra2 44. Rb7 g5 45. Rcc7 Rxc7 46. Rxc7+ Kg6
47. a7 gxh4 48. gxh4 f5 49. Kf1 fxe4 50. fxe4 Kf6 51. Ke1 Ke6 52. Rc6+ Kf7 53.
Rh6 Kg7 54. Rxh5 Rxa7 55. Kf2 Ra3 56. Rg5+ Kf6 57. Rf5+ Ke6 58. Rf3 Ra2+ 59.
Kg3 Re2 60. h5 Rxe4 61. h6 Rd4 62. Rf8 Rd7 63. Kg4 e4 64. Kg5 Ke5 65. Kg6 e3
66. h7 Rxh7 67. Kxh7 Ke4 68. Kg6 e2 69. Kg5 Ke3 70. Re8+ Kf2 71. Kf4 e1=Q 72.
Rxe1 Kxe1 1/2-1/2

[Event "Elit(Rockaden,Umea-Burgsvik)"]
[Site "?"]
[Date "2013.02.01"]
[Round "6"]
[White "Malmstig, Erik"]
[Black "Krupenski, Juri"]
[Result "1-0"]
[WhiteElo "2380"]
[BlackElo "2317"]
[PlyCount "151"]

1. d4 Nf6 2. c4 e6 3. Nc3 Bb4 4. e3 O-O 5. Bd3 d5 6. cxd5 exd5 7. Nge2 Re8 8.
f3 c5 9. a3 cxd4 10. exd4 Be7 11. O-O Nc6 12. Kh1 Bd6 13. Bg5 h6 14. Bh4 g5 15.
Bf2 Ne7 16. Qc2 a6 17. Rae1 Nh5 18. Ng3 Ng7 19. Qb3 Bc7 20. Bb1 Qd6 21. Re5 Be6
22. Bg1 Qd7 23. Ree1 Rab8 24. Na4 b6 25. Bd3 Bd6 26. Ne2 Qb7 27. Nc1 Rec8 28.
Bb1 Rc4 29. Nc3 Rbc8 30. N3e2 Bf5 31. Nd3 Ng6 32. g4 Bd7 33. Qd1 Ne6 34. Ng3
Ng7 35. Ne5 Bxe5 36. dxe5 Bb5 37. Qd2 Rf4 38. Ne2 d4 39. Nxf4 Nxf4 40. Be4 Qd7
41. Qxd4 Bxf1 42. Rxf1 Qb5 43. Re1 Qa5 44. Qb4 Qxb4 45. axb4 Rc4 46. Bxb6 Rxb4
47. Bd8 Rxb2 48. Rc1 Nge6 49. Be7 Rb8 50. Ra1 Rc8 51. Kg1 Rc1+ 52. Rxc1 Ne2+
53. Kf2 Nxc1 54. Bb4 Nb3 55. Bd5 Nbc5 56. Ke3 Kg7 57. Kd2 Kg6 58. Kc3 Na4+ 59.
Kb3 Nac5+ 60. Kc4 Nd7 61. Be4+ Kg7 62. Kd5 Nb6+ 63. Kc6 Nc4 64. Bc3 Ne3 65. Kd6
a5 66. Bf5 Nc4+ 67. Ke7 a4 68. Bxe6 fxe6 69. Kxe6 a3 70. Kd7 Nb6+ 71. Kc6 Nc4
72. e6+ Kf8 73. Kd7 Nb6+ 74. Kd8 Nd5 75. Bb4+ Kg7 76. Bxa3 1-0

[Event "Elit(Rockaden,Umea-Burgsvik)"]
[Site "?"]
[Date "2013.02.01"]
[Round "6"]
[White "Andersson, Tommy"]
[Black "Engman, Rickard"]
[Result "1-0"]
[WhiteElo "2385"]
[BlackElo "2263"]
[PlyCount "91"]

1. d4 Nf6 2. c4 e6 3. Nf3 b6 4. g3 Bb7 5. Bg2 Be7 6. O-O O-O 7. Nc3 Ne4 8. Bd2
f5 9. Ne5 Nxc3 10. Bxc3 Bxg2 11. Kxg2 Qe8 12. Qd3 Qh5 13. d5 d6 14. Nf3 e5 15.
Nxe5 dxe5 16. d6 Bxd6 17. Qd5+ Qf7 18. Qxa8 Qxc4 19. Qf3 e4 20. Qe3 Nc6 21. b3
Qe6 22. Qg5 Rf7 23. f3 Ne7 24. Kh1 Nd5 25. Bd4 f4 26. gxf4 Bxf4 27. Qh5 Rf5 28.
Qh3 c5 29. Bb2 Be3 30. fxe4 Rxf1+ 31. Qxf1 Qxe4+ 32. Qg2 Qxg2+ 33. Kxg2 Bh6 34.
e4 Nf4+ 35. Kf3 Nd3 36. Bc3 Nc1 37. e5 Kf7 38. Ke4 Ke6 39. Bb2 Ne2 40. Re1 Nf4
41. Rd1 Nh3 42. Rd6+ Ke7 43. Kd5 Ng1 44. e6 Nf3 45. Rd7+ Kf8 46. Rf7+ 1-0

[Event "Elit(Rockaden,Umea-Burgsvik)"]
[Site "?"]
[Date "2013.02.01"]
[Round "6"]
[White "Hammar, Ulf"]
[Black "Andersson, Bjorn"]
[Result "0-1"]
[WhiteElo "2222"]
[BlackElo "2295"]
[PlyCount "60"]

1. d4 c5 2. d5 d6 3. e4 g6 4. Be2 Bg7 5. Nf3 Nf6 6. Nc3 O-O 7. O-O Na6 8. Nd2
Nc7 9. a4 a6 10. f4 Bd7 11. Bf3 Rb8 12. e5 Nfe8 13. Re1 b5 14. Qe2 Bf5 15. Nf1
b4 16. Nb1 dxe5 17. fxe5 Nxd5 18. Rd1 Be6 19. Ne3 Nf4 20. Qxa6 Qc7 21. Nc4 Bxc4
22. Qxc4 Bxe5 23. Be3 Ne6 24. c3 Bxh2+ 25. Kh1 Nd6 26. Qe2 Nf5 27. Bf2 Bg3 28.
Nd2 Nf4 29. Qf1 Bxf2 30. Qxf2 Nd3 0-1

[Event "Elit(Rockaden,Umea-Burgsvik)"]
[Site "?"]
[Date "2013.02.01"]
[Round "6"]
[White "Akerman, Axel"]
[Black "Eriksson, Simon"]
[Result "1-0"]
[WhiteElo "2127"]
[BlackElo "2029"]
[PlyCount "71"]

1. e4 c5 2. Nc3 g6 3. f4 Nc6 4. Nf3 Bg7 5. Bb5 Nd4 6. Bc4 e6 7. Nxd4 cxd4 8.
Ne2 Qh4+ 9. g3 Qh3 10. Ng1 Qg2 11. Qf3 Qxf3 12. Nxf3 Ne7 13. b3 a6 14. Bd3 d6
15. Ba3 Kd7 16. O-O Nc6 17. Ng5 Nd8 18. f5 Be5 19. Nxf7 Re8 20. fxg6 hxg6 21.
Nxe5+ dxe5 22. Rf6 Rg8 23. Raf1 b5 24. c4 Kc6 25. Rc1 Kb7 26. Bd6 Bd7 27. Bxe5
Nc6 28. Bd6 Rg7 29. Rcf1 b4 30. e5 Rag8 31. Be4 a5 32. Rf8 Rxf8 33. Rxf8 Ka7
34. Bc5+ Ka6 35. Ra8+ Kb7 36. Ra7+ 1-0

[Event "Elit(Rockaden,Umea-Burgsvik)"]
[Site "?"]
[Date "2013.02.01"]
[Round "6"]
[White "Isaksson, Henrik"]
[Black "Linusson, Pelle"]
[Result "0-1"]
[WhiteElo "2133"]
[BlackElo "2182"]
[PlyCount "163"]

1. Nf3 g6 2. c4 Bg7 3. Nc3 c5 4. d4 cxd4 5. Nxd4 Nc6 6. Nc2 Bxc3+ 7. bxc3 Nf6
8. Ne3 d6 9. g3 Qa5 10. Qb3 O-O 11. Bg2 Bd7 12. O-O b6 13. Nd5 Nxd5 14. Bxd5
Rac8 15. Bh6 Rfe8 16. c5 e6 17. Bxc6 Bxc6 18. Qb4 Qxc5 19. Qxc5 dxc5 20. Rfd1
Ba4 21. Rd2 Red8 22. Rb2 f6 23. Be3 Rd7 24. f3 Rcd8 25. Kf2 Kf7 26. Rc1 e5 27.
c4 Rd1 28. Rc3 R8d7 29. Ra3 Bc6 30. Ra6 R1d6 31. Rb3 Rc7 32. Raa3 Bd7 33. Rd3
Rxd3 34. exd3 h5 35. h4 Bf5 36. Ke2 Rd7 37. Rb3 Ke7 38. Bd2 Kd8 39. a4 Kc7 40.
a5 Kc6 41. axb6 axb6 42. Ra3 Kb7 43. Be3 Rd8 44. Bh6 Rg8 45. Be3 g5 46. Bf2 g4
47. Ke3 gxf3 48. Kxf3 Bg4+ 49. Ke3 f5 50. Be1 Rf8 51. Bf2 Bh3 52. Be1 f4+ 53.
Kf2 f3 54. Bc3 Bg4 55. Bxe5 Re8 56. d4 cxd4 57. Bxd4 Re2+ 58. Kg1 Rg2+ 59. Kf1
Rc2 60. Rb3 Bh3+ 61. Ke1 Re2+ 62. Kd1 f2 63. Rxb6+ Kc7 64. Bxf2 Rxf2 65. Rb3
Bg4+ 66. Ke1 Rc2 67. Re3 Rxc4 68. Kf2 Rc2+ 69. Kg1 Kd6 70. Ra3 Be2 71. Kh2 Ke6
72. Kg2 Kf5 73. Ra5+ Ke4 74. Ra3 Bg4+ 75. Kg1 Re2 76. Ra7 Kf3 77. Ra3+ Re3 78.
Ra2 Re1+ 79. Kh2 Re2+ 80. Rxe2 Kxe2 81. Kg2 Bd7 82. Kh2 0-1

[Event "Elit(Rockaden,Sthlm-Rockaden,Umea)"]
[Site "?"]
[Date "2013.02.02"]
[Round "5"]
[White "Malmstig, Erik"]
[Black "Barkhagen, Jonas"]
[Result "1/2-1/2"]
[WhiteElo "2380"]
[BlackElo "2501"]
[PlyCount "100"]

1. d4 Nf6 2. c4 e6 3. Nc3 Bb4 4. e3 c5 5. Bd3 d5 6. cxd5 Nxd5 7. Nge2 cxd4 8.
exd4 Nc6 9. a3 Nxc3 10. bxc3 Bd6 11. Ng3 O-O 12. Qh5 f5 13. O-O Qf6 14. Rb1 e5
15. Bg5 Qg6 16. Qxg6 hxg6 17. Bc4+ Kh7 18. Bd5 exd4 19. cxd4 Bxa3 20. f4 Nxd4
21. Rfe1 Bd7 22. Rxb7 Bc6 23. Bxc6 Nxc6 24. h4 Rab8 25. Rd7 Rfe8 26. Red1 Rb3
27. Kh2 Ree3 28. Nf1 Re6 29. Nd2 Rb8 30. Nc4 Bf8 31. Rf7 Kg8 32. Rdd7 a5 33. h5
a4 34. h6 gxh6 35. Bf6 Ne7 36. Ne5 Re8 37. Bxe7 R6xe7 38. Rxf8+ Kxf8 39. Nxg6+
Kf7 40. Nxe7 Rxe7 41. Rd3 Ra7 42. Ra3 Ke6 43. Kh3 Kd5 44. g4 fxg4+ 45. Kxg4 Kc4
46. f5 Kb4 47. Ra1 a3 48. f6 Kb3 49. Kh5 Ra6 50. Rf1 Rxf6 1/2-1/2

[Event "Elit(Rockaden,Sthlm-Rockaden,Umea)"]
[Site "?"]
[Date "2013.02.02"]
[Round "5"]
[White "Blomqvist, Erik"]
[Black "Eriksson, Jorgen"]
[Result "1-0"]
[WhiteElo "2564"]
[BlackElo "2263"]
[PlyCount "129"]

1. e4 c5 2. Nf3 Nc6 3. d4 cxd4 4. Nxd4 g6 5. Nc3 Bg7 6. Be3 Nf6 7. Bc4 O-O 8.
Bb3 d6 9. f3 Bd7 10. Qd2 Nxd4 11. Bxd4 b5 12. a4 b4 13. Nd5 Nxd5 14. Bxg7 Kxg7
15. exd5 e5 16. dxe6 Bxe6 17. Bxe6 fxe6 18. Qxb4 Rb8 19. Qc3+ Qf6 20. Qxf6+
Kxf6 21. O-O-O d5 22. Rd4 Rfc8 23. Rhd1 Rc6 24. R1d3 Rbc8 25. Rd2 R8c7 26. Rb4
Rc5 27. Kd1 R5c6 28. c3 Rc5 29. Ke2 R5c6 30. Rdd4 Rc5 31. Ke3 Ke7 32. Rb8 a5
33. Rf4 e5 34. Rff8 Rc4 35. Rbe8+ Kd6 36. Rf6+ Kc5 37. Rxe5 Rxa4 38. Ra6 Kb5
39. Rd6 Rc5 40. Rdxd5 Rxd5 41. Rxd5+ Kc6 42. Rd2 Ra1 43. Kd4 a4 44. Kc4 Ra2 45.
f4 h5 46. g3 Ra1 47. Kb4 Ra2 48. c4 Kc7 49. Kc3 Kc6 50. Rd5 a3 51. bxa3 Rxh2
52. Rg5 h4 53. Rxg6+ Kc5 54. Rg5+ Kd6 55. gxh4 Rxh4 56. Rf5 Rh1 57. Rd5+ Kc6
58. f5 Rf1 59. a4 Rf3+ 60. Kd4 Rf4+ 61. Ke5 Rxc4 62. Rd4 Rc1 63. f6 Re1+ 64.
Re4 Rf1 65. Ke6 1-0

[Event "Elit(Rockaden,Sthlm-Rockaden,Umea)"]
[Site "?"]
[Date "2013.02.02"]
[Round "5"]
[White "Forsberg, Viktor"]
[Black "Nielsen, Peter Heine"]
[Result "0-1"]
[WhiteElo "2320"]
[BlackElo "2706"]
[PlyCount "82"]

1. e4 c5 2. Nf3 d6 3. d4 cxd4 4. Nxd4 Nf6 5. Nc3 g6 6. Be3 Bg7 7. f3 Nc6 8. Qd2
O-O 9. Bc4 Bd7 10. O-O-O Rb8 11. h4 h5 12. Bb3 Na5 13. Bh6 b5 14. Nd5 Nxb3+ 15.
axb3 Bxh6 16. Qxh6 Nxd5 17. exd5 Qa5 18. c3 Rfc8 19. g4 b4 20. c4 Rxc4+ 21.
bxc4 b3 22. Nc6 Bxc6 23. dxc6 Rb4 24. Kd2 Rxc4+ 25. Ke2 hxg4 26. Rc1 Qe5+ 27.
Kf2 Qxb2+ 28. Kg3 gxf3 29. Rxc4 Qg2+ 30. Kf4 e5+ 31. Ke4 Qe2+ 32. Qe3 d5+ 33.
Kxd5 Qxe3 34. c7 Qd3+ 35. Kc5 Qd7 36. Kb4 Qc8 37. Re1 e4 38. Kxb3 f2 39. Rd1
Kg7 40. Kc2 e3 41. Kd3 Qd7+ 0-1

[Event "Elit(Rockaden,Sthlm-Rockaden,Umea)"]
[Site "?"]
[Date "2013.02.02"]
[Round "5"]
[White "Engqvist, Thomas"]
[Black "Engman, Rickard"]
[Result "1-0"]
[WhiteElo "2433"]
[BlackElo "2263"]
[PlyCount "61"]

1. c4 Nf6 2. Nf3 e6 3. Nc3 d5 4. d4 Bb4 5. Qa4+ Nc6 6. Bg5 h6 7. Bxf6 Qxf6 8.
e3 O-O 9. cxd5 exd5 10. Be2 Qg6 11. O-O Bh3 12. Ne1 Rfd8 13. Qb3 a5 14. Bf3 Bg4
15. Bxg4 Qxg4 16. Nd3 Bxc3 17. Qxc3 Rd6 18. Rac1 h5 19. Qb3 h4 20. h3 Qc8 21.
Rc3 Nd8 22. Qa3 Qd7 23. Ne5 Qe7 24. Rc5 b6 25. Rxd5 Ne6 26. Rxd6 cxd6 27. Nc4
Rd8 28. Nxb6 Ng5 29. Qxa5 Ne4 30. Nd5 Qe8 31. Rc1 1-0